La sociedad sin relato: antropología y estética de la inminencia
Guardat en:
| Autor principal: | |
|---|---|
| Format: | Llibre |
| Idioma: | espanyol |
| Publicat: |
Buenos Aires
Katz
2010
|
| Edició: | 1a. ed |
| Col·lecció: | Conocimiento, 3068
|
| Matèries: | |
| Etiquetes: |
Afegir etiqueta
Sense etiquetes, Sigues el primer a etiquetar aquest registre!
|
MARC
| LEADER | 00000cam a2200000 a 4500 | ||
|---|---|---|---|
| 001 | UCG6881 | ||
| 003 | CL-VaPUC | ||
| 005 | 20250109133228.0 | ||
| 008 | 110526e20100000AG |||||||||||||||||spa|d | ||
| 999 | |c 344990 |d 344988 | ||
| 020 | |a 9789871566303 | ||
| 040 | |c Pontificia Universidad Católica de Valparaíso | ||
| 082 | 0 | 4 | |a 306 |b GAR |2 21 |
| 100 | 0 | |a García Canclini, Néstor |e author |9 555898 | |
| 245 | 1 | 3 | |a La sociedad sin relato: antropología y estética de la inminencia |
| 250 | |a 1a. ed | ||
| 260 | |a Buenos Aires |b Katz |c 2010 | ||
| 300 | |a 264 p | ||
| 490 | 0 | |a Conocimiento, 3068 | |
| 583 | |a last modification |c 20130618 04:37:53 |k Rodrigo Vera | ||
| 600 | 0 | |a Orozco, Gabriel, |d 1962- |9 878174 | |
| 600 | 0 | 7 | |a HAACKE, HANS |2 CL-VaPUC |9 553648 |
| 600 | 0 | 7 | |a BOURDIEU, PIERRE |2 CL-VaPUC |9 308635 |
| 600 | 0 | 7 | |a MARGOLLES, TERESA |2 CL-VaPUC |9 557315 |
| 650 | 0 | |a Cultura |9 269059 | |
| 650 | 0 | |a Sociología de la cultura |9 318280 | |
| 650 | 0 | |a Antropología cultural y social |9 265143 | |
| 650 | 0 | |a Postmodernismo |9 268655 | |
| 650 | 7 | |a SOCIEDAD DE CONSUMO |2 CL-VaPUC |9 354846 | |
| 942 | |c BK |2 ddc | ||
| 945 | |d 20110526 00:00:00 |a jcampos | ||
| 952 | |0 0 |1 0 |4 0 |6 306_000000000000000_GAR_2010 |7 0 |8 A |9 443367 |a FDOPOS |b FDOPOS |d 2019-11-22 |i 4780167 |o 306 GAR 2010 |p 4780167 |r 2023-08-09 |w 2019-11-22 |y BK |k DLH | ||
| 952 | |0 0 |1 0 |4 0 |6 306_000000000000000_GAR_2010 |7 0 |8 A |9 443368 |a BIBEDU |b BIBEDU |d 2019-11-22 |i 4980670 |o 306 GAR 2010 |p 4980670 |r 2019-11-22 |w 2019-11-22 |y BK |k FIL | ||
| 952 | |0 0 |1 0 |3 erb |4 0 |6 306_000000000000000_GAR_2010 |7 0 |8 A |9 443369 |a FDOPOS |b FDOPOS |i 5287413 |o 306 GAR 2010 |p 5287413 |r 2023-08-09 |w 2019-11-22 |y BK |z Catalogado en:20160520 |k MLH | ||
| 952 | |0 0 |1 0 |3 erb |4 0 |6 306_000000000000000_GAR_2010 |7 0 |8 A |9 443370 |a BIBING |b BIBING |i 5291062 |o 306 GAR 2010 |p 5291062 |r 2025-01-20 |w 2019-11-22 |y BK |z Catalogado en:20160609 |k GEO | ||